| 000 | 00000nam##2200000za#4500 |
| 001 | 9.674288 |
| 003 | CaOODSP |
| 005 | 20210624224714 |
| 007 | cr ||||||||||| |
| 008 | 150407|2000||||xxc|||||o f|0| 0 fre|d |
| 020 | |a0-662-30156-0 |
| 040 | |aCaOODSP|bfre |
| 041 | |aeng |
| 041 | |afre |
| 043 | |an-cn--- |
| 086 | 1 |aE2-241/2000-IN |
| 110 | 1 |aCanada.|bAffaires étrangères et Commerce international. |bCentre canadien pour le développement de la politique étrangère. |
| 245 | 10|aDeuxième séminaire annuel des étudiants diplômés: le rôle des ONG et de la société civile et les efforts humanitaires, du 30 avril au 5 mai 2000 (Ottawa, Ontario) : |h[ressource électronique]|brecueil des communications |
| 260 | |aOttawa - Ontario : |bAffaires étrangères et Commerce international. |c[2000]. |
| 300 | |a232p.|bcartes |
| 504 | |aBibliographie. |
| 546 | |aBiographies et sommaires en français et en anglais. Articles en leur langue originale. |
| 590 | |a10-06-Supp|b2010-07-26 |
| 691 | 07|aAide humanitaire|2gcpds |
| 691 | 07|aConflit|2gcpds |
| 691 | 07|aOrganisme non gouvernemental|2gcpds |
| 776 | 0#|tThe 2nd Annual Graduate Student Seminar: the role of NGO's and civil society in conflict and humanitarian efforts : |w(CaOODSP)9.662751 |
| 791 | |tThe 2nd Annual Graduate Student Seminar: The Role of NGOs and Civil Society in Conflict and Humanitarian Efforts, April 30 - May 5, 2000 (Ottawa, Ontario) : |eeng|w(CaOODSP)9.674287 |
| 856 | 40|ahttp://publications.gc.ca|qPDF|s921 Ko|uhttps://publications.gc.ca/collections/Collection/E2-241-2000.pdf |